000
00352nam a2200145 a 4500
008
020
_a
1860993109
245
1
0
_a
Major companies of Europe 2003
_n
Volume6
907
_a
.b10185938
_b
16-01-06
_c
16-01-06
003
005
20230123134141.0
040
_c
NUST
049
_a
MAIN
942
_c
BOOKS
999
_c
160915
_d
160915